Les Daniel célèbres - Photos - Statistiques

Statistiques générales
  • Ce quiz a été pris 231 fois
    229 depuis la dernière actualisation
  • Le résultat moyen est 7 sur 15
Statistiques - réponses
Par images Réponse % Correct
Auteuil
93%
Hamidou
83%
Craig
68%
Guichard
67%
Radcliffe
65%
Cohn-Bendit
64%
Prévost
61%
Gélin
47%
Bravo
29%
Lévi
25%
Picouly
19%
Day-Lewis
18%
Pennac
14%
Defoe
7%
Buren
2%
Aucun quiz correspondant
Distribution des résultats
% des personnes avec chaque résultat
Percentile par nombre de réponses
Votre historique - résultats
Vous n’avez pas pris ce quiz depuis la dernière actualisation